000 00263nam a22001097a 4500
082 _a346.0682
_bPAR
245 _aThe Partnership Act, 1932:
_bBare Act /
260 _aLahore:
_bMansoor Law Book House,
_cN.A.
300 _a32 p.
563 _aPB.
942 _2ddc
_cBK
999 _c614009
_d614009